Giáo trình thủy lực học : Dùng trong các trường Trung học xây dựng
সংরক্ষণ করুন:
| সংস্থা লেখক: | |
|---|---|
| বিন্যাস: | গ্রন্থ |
| ভাষা: | Undetermined |
| প্রকাশিত: |
Hà Nội
Xây dựng
1979
|
| বিষয়গুলি: | |
| ট্যাগগুলো: |
ট্যাগ যুক্ত করুন
কোনো ট্যাগ নেই, প্রথমজন হিসাবে ট্যাগ করুন!
|
| Thư viện lưu trữ: | Trung tâm Học liệu Trường Đại học Cần Thơ |
|---|
| LEADER | 00645nam a2200217Ia 4500 | ||
|---|---|---|---|
| 001 | CTU_2289 | ||
| 008 | 210402s9999 xx 000 0 und d | ||
| 082 | |a 532.107 | ||
| 082 | |b B450 | ||
| 110 | |a Bộ Xây dựng | ||
| 245 | 0 | |a Giáo trình thủy lực học : | |
| 245 | 0 | |b Dùng trong các trường Trung học xây dựng | |
| 245 | 0 | |c Bộ Xây dựng | |
| 260 | |a Hà Nội | ||
| 260 | |b Xây dựng | ||
| 260 | |c 1979 | ||
| 526 | |a Thủy khí động lực học | ||
| 526 | |b MT675 | ||
| 650 | |a Hydraulics | ||
| 904 | |i Minh, 960823 | ||
| 980 | |a Trung tâm Học liệu Trường Đại học Cần Thơ | ||